00363nam a2200157Ia 4500008004100000041001200041082001000053082001100063100001600074100001100090245002800101260001400129260001600143365002500159650002100184150909s9999 xx 000 0 und d aEnglish a581.1 bSIN/MO aSinha R.K  eAuthor aModern plant physiology aNew Delhi bNarosa Pub. aRs.350  aPlant physiology